000 00624nam a2200277Ia 4500
001 Z_3995
003 CHAP
008 220113s1970 xx 000 0 und d
010 _a167054
040 _cCHAP
082 _a464 D53
100 _a
245 _aDiccionario de sinónimos e ideas afines y de la rima /
_c
260 _aBarcelona :
_bParaninfo,
_c1970
300 _a363 p.
440 _a
500 _a
503 _a
650 _aEspañol
_xSinónimos
_xDiccionarios I. Gili Gaya, Samuel
_9141239
901 _a464 D53
902 _aA
910 _a1970
942 _c1
942 _cc1
999 _c167054
_d167054